| 000 | 01080aam a2200349 4500 | ||
|---|---|---|---|
| 005 | 20160916105141.0 | ||
| 008 | 150908b xxu||||| |||| 00| 0 spa d | ||
| 041 | _aspa | ||
| 082 | _a617.692 M678i | ||
| 100 |
_aMisch, Carl _920873 |
||
| 245 | _aImplantología contemporánea | ||
| 260 | _aEspaña | ||
| 260 | _bElsevier | ||
| 260 | _c2009 | ||
| 300 | _a1102 páginas | ||
| 650 |
_aIMPLANTES DENTALES _920874 |
||
| 650 |
_aTERMINOLOGIA GENÉTICA _920875 |
||
| 650 |
_aTÉCNICAS DE DIAGNÓSTICO _920876 |
||
| 650 |
_aESTRÉS EN IMPLANTOLOGÍA _920877 |
||
| 650 |
_aPLANIFICACIÓN DEL TRATAMIENTO _920878 |
||
| 650 |
_aDENSIDAD OSEA _920879 |
||
| 650 |
_aPLANES DE TRATAMIENTO _920880 |
||
| 650 |
_aCUERPO DEL IMPLANTE _920881 |
||
| 650 |
_aPRÓTESIS PREVIA _920882 |
||
| 650 |
_aMODELOS DIAGNÓSTICOS _920883 |
||
| 650 |
_aMANDIBULA EDENTULA _920884 |
||
| 650 |
_aCIENCIAS BÁSICAS _920885 |
||
| 650 |
_aCIRUGÍA DE IMPLANTES _920886 |
||
| 650 |
_aREHABILITACIÓN DE LOS TEJIDOS _920887 |
||
| 650 |
_aMANTENIMIENTOS DE LOS IMPLANTES _920888 |
||
| 942 | _cBK | ||
| 999 |
_c788 _d788 |
||